Liedtext - Berzerkermode - Feuerschwanz - Statistiken

Allgemein
  • Dieses Quiz wurde 5 mal gespielt
  • Das Durchschnittsergebnis liegt bei 188 aus 251
Antwortstatistiken
Antwort % Korrekt
a
100%
Adern
100%
alte
100%
and
100%
Arsch
100%
Auf
100%
aus
100%
Bärte
100%
Berzerkermode
100%
Bizeps
100%
Brust
100%
dem
100%
der
100%
Der
100%
die
100%
ein
100%
Feminines
100%
gefragt
100%
Härte
100%
In
100%
Kettenhemdbikini
100%
Krieger
100%
Lebensart
100%
lightning
100%
like
100%
Maskuline
100%
Maskulines
100%
Mit
100%
Muskeln
100%
neuestem
100%
Pump
100%
Ragnarök
100%
Runen
100%
Schweiß
100%
seit
100%
Sind
100%
tätowiert
100%
Thunderbolt
100%
und
100%
Und
100%
viking
100%
viking)
100%
Walküren
100%
Wer
100%
Werden
100%
werden
100%
Aufgepumpte
67%
Blut
67%
Brauch
67%
braucht
67%
breiten
67%
das
67%
Donnergott
67%
einer
67%
gegen
67%
gespannten
67%
Grips
67%
heute
67%
im
67%
Ist
67%
ist
67%
Jeder
67%
jeder
67%
Kämpfen
67%
Körperfett
67%
Lauch
67%
Minimales
67%
Morden
67%
nach
67%
Norden
67%
On
67%
Party
67%
Plündern
67%
Pumpen
67%
pumpt
67%
Raben
67%
Rauben
67%
Rest
67%
schaut
67%
scheißegal
67%
Schildmaiden
67%
Schmalhans
67%
schon
67%
Sex
67%
(Sex
67%
Stahl
67%
Stirn
67%
striking
67%
Turbo
67%
(Turbo
67%
Vegvisir
67%
viel
67%
vikings
67%
vikings)
67%
Wenn
67%
wie
67%
wieder
67%
Winterspeck
67%
with
67%
zwei
67%
Berserker
33%
Birne
33%
bisschen
33%
dumm
33%
hammer
33%
hard
33%
härter
33%
Schneller
33%
Sieger
33%
stärker
33%
Time
33%
(Time
33%
turning
33%
turning)
33%
Wir
33%
Your
33%
zum
33%
Biceps
0%
(Biceps
0%
burning
0%
burning)
0%
we′re
0%
Keine übereinstimmenden Quizze gefunden
Verteilung der Resultate
Anzahl Personen mit jedem Resultat
Perzentil nach korrekt beantworteten Fragen
Ihre Resultats-Entwicklung
Sie haben dieses Quiz noch nicht gespielt